|
|
|
|
| LEADER |
04626nam a2200517 a 4500 |
| 001 |
12311963 |
| 003 |
BD-DhAAL |
| 008 |
100201r20052002mauab b 001 0 eng d |
| 010 |
|
|
|a 2001030337
|
| 020 |
|
|
|a 0070586985
|
| 020 |
|
|
|a 0072422971 (alk. paper)
|
| 040 |
|
|
|a DLC
|c DLC
|d DLC
|d DB-DhAAL
|
| 082 |
0 |
0 |
|a 150
|2 21
|
| 100 |
1 |
|
|a Feldman, Robert S.
|q (Robert Stephen),
|d 1947-
|
| 245 |
1 |
0 |
|a Understanding psychology /
|c Robert S. Feldman.
|
| 250 |
|
|
|a six edititon.
|
| 260 |
|
|
|a Boston ;
|a New Delhi :
|b Tata McGraw-Hill Company,
|c c2002 [reprinted 2005].
|
| 300 |
|
|
|a xxxv, 559,[84] p. :
|b ill. (chiefly), maps ;
|c 28 cm. +
|e 1 computer optical disc (4 3/4 in.)
|
| 500 |
|
|
|a Accompanying CD-ROM includes student guide to test preparation titled "Making the grade."
|
| 504 |
|
|
|a Includes bibliographical references and indexes.
|
| 526 |
|
|
|x Fahmida Saadia Rahman
Senior Lecturer
Department of ESS.
Course name and no. N/A
|
| 538 |
|
|
|a System requirements for accompanying CD-ROM: Windows 95 or later or MAC (OS 7.5 or later); 16 MB RAM; CD-ROM drive.
|
| 541 |
1 |
|
|a Paragon Enterprise
|e 00019011
|
| 650 |
|
0 |
|a Psychology
|v Textbooks.
|
| 650 |
|
0 |
|a Psychology
|v Textbooks.
|
| 730 |
0 |
2 |
|a Making the grade (Computer file)
|9 57455
|
| 852 |
4 |
|
|a Ayesha Abed Library
|j General Shelf.
|
| 942 |
|
|
|2 ddc
|c BK
|
| 999 |
|
|
|c 7287
|d 7287
|
| 952 |
|
|
|0 0
|1 4
|2 ddc
|4 0
|6 150_000000000000000_FEL
|7 0
|9 7688
|a BRACUL
|b BRACUL
|c GEN
|d 2010-02-01
|l 0
|o 150 FEL
|p 3010019011
|r 2010-02-01
|t 1
|w 2010-02-01
|y BK
|x Koha Inventory 2020
|
| 952 |
|
|
|0 0
|1 0
|2 ddc
|4 0
|6 150_FEL_200500000000000
|7 0
|9 9154
|a BRACUL
|b BRACUL
|c GEN
|d 2010-04-11
|e Paragon Enterprise Ltd.
|g 823.00
|l 9
|m 26
|o 150 FEL
|p 3010019009
|r 2020-01-05
|s 2019-12-18
|t 2
|w 2010-04-11
|y BK
|x Requisitioned by Fahmida Saadia Rahman Department of ESS. Course name and no. N/A
|
| 952 |
|
|
|0 0
|1 0
|2 ddc
|4 0
|6 150_FEL_200500000000000
|7 0
|9 11107
|a BRACUL
|b BRACUL
|c GEN
|d 2010-06-20
|e Paragon Enterprise Ltd.
|g 823.00
|l 14
|m 134
|o 150 FEL
|p 3010019012
|r 2026-04-19
|s 2026-04-13
|t 3
|w 2010-06-20
|y BK
|x Requisitioned by Fahmida Saadia Rahman Department of ESS. Course name and no. N/A
|
| 952 |
|
|
|0 0
|1 0
|2 ddc
|4 0
|6 150_FEL_200500000000000
|7 0
|9 11223
|a BRACUL
|b BRACUL
|c GEN
|d 2010-06-23
|e Paragon Enterprise Ltd.
|g 823.00
|l 9
|m 62
|o 150 FEL
|p 3010019010
|r 2022-08-16
|s 2022-06-02
|t 4
|w 2010-06-23
|y BK
|x Requisitioned by Fahmida Saadia Rahman Department of ESS. Course name and no. N/A
|
| 952 |
|
|
|0 0
|1 0
|2 ddc
|4 0
|6 150_FEL_200500000000000
|7 0
|9 11224
|a BRACUL
|b BRACUL
|c GEN
|d 2010-06-23
|e Paragon Enterprise Ltd.
|g 823.00
|l 17
|m 121
|o 150 FEL
|p 3010019008
|r 2026-01-04
|s 2025-10-25
|t 5
|w 2010-06-23
|y BK
|x Requisitioned by Fahmida Saadia Rahman Department of ESS. Course name and no. N/A
|
| 952 |
|
|
|0 0
|1 0
|2 ddc
|4 0
|6 150_FEL_200500000000000
|7 0
|9 11739
|a BRACUL
|b BRACUL
|c AV
|d 2010-08-25
|l 0
|o 150 FEL
|p 4010019011
|r 2010-08-25
|t 1
|w 2010-08-25
|y AV
|
| 952 |
|
|
|0 0
|1 0
|2 ddc
|4 0
|6 150_FEL_200500000000000
|7 0
|9 11740
|a BRACUL
|b BRACUL
|c AV
|d 2010-08-25
|l 0
|o 150 FEL
|p 4010019012
|r 2010-08-25
|t 2
|w 2010-08-25
|y AV
|
| 952 |
|
|
|0 0
|1 0
|2 ddc
|4 0
|6 150_FEL_200500000000000
|7 0
|9 11741
|a BRACUL
|b BRACUL
|c AV
|d 2010-08-25
|l 0
|o 150 FEL
|p 4010019009
|r 2010-08-25
|t 3
|w 2010-08-25
|y AV
|
| 952 |
|
|
|0 0
|1 0
|2 ddc
|4 0
|6 150_FEL_200500000000000
|7 0
|9 11742
|a BRACUL
|b BRACUL
|c AV
|d 2010-08-25
|l 0
|o 150 FEL
|p 4010019010
|r 2010-08-25
|t 4
|w 2010-08-25
|y AV
|
| 952 |
|
|
|0 0
|1 0
|2 ddc
|4 0
|6 150_FEL_200500000000000
|7 0
|9 11743
|a BRACUL
|b BRACUL
|c AV
|d 2010-08-25
|l 0
|o 150 FEL
|p 4010019008
|r 2010-08-25
|t 5
|w 2010-08-25
|y AV
|
| 952 |
|
|
|0 0
|1 0
|2 ddc
|4 1
|6 150_FEL_200200000000000
|7 0
|9 13832
|a BRACUL
|b BRACUL
|c SPS
|d 2011-01-13
|l 2
|m 26
|o 150 FEL
|p 3010008774
|r 2016-10-09
|s 2016-09-07
|t 6
|w 2011-01-13
|y BK
|x Photocopy Book. Declared as Damaged on December 10, 2023
|
| 952 |
|
|
|0 0
|1 0
|2 ddc
|4 1
|6 150_000000000000000_FEL_2002
|7 0
|9 13833
|a BRACUL
|b BRACUL
|c SPS
|d 2011-01-13
|l 1
|m 15
|o 150 FEL
|p 3010008769
|r 2016-10-10
|s 2016-06-16
|t 7
|w 2011-01-13
|y BK
|
| 952 |
|
|
|0 0
|1 0
|2 ddc
|4 1
|6 150_000000000000000_FEL_2002
|7 0
|9 13834
|a BRACUL
|b BRACUL
|c SPS
|d 2011-01-13
|l 1
|m 7
|o 150 FEL
|p 3010008766
|r 2016-11-07
|s 2016-09-05
|t 8
|w 2011-01-13
|y BK
|
| 952 |
|
|
|0 0
|1 0
|2 ddc
|4 1
|6 150_000000000000000_FEL_2002
|7 0
|9 13835
|a BRACUL
|b BRACUL
|c SPS
|d 2011-01-13
|l 3
|m 21
|o 150 FEL
|p 3010008767
|r 2012-08-07
|s 2012-05-29
|t 9
|w 2011-01-13
|y BK
|
| 952 |
|
|
|0 0
|1 0
|2 ddc
|4 1
|6 150_000000000000000_FEL_2002
|7 0
|9 13836
|a BRACUL
|b BRACUL
|c SPS
|d 2011-01-13
|l 2
|o 150 FEL
|p 3010008770
|r 2014-11-15
|s 2014-11-09
|t 10
|w 2011-01-13
|y BK
|
| 952 |
|
|
|0 0
|1 0
|2 ddc
|4 1
|6 150_000000000000000_FEL_2002
|7 0
|9 13837
|a BRACUL
|b BRACUL
|c SPS
|d 2011-01-13
|l 3
|m 4
|o 150 FEL
|p 3010008771
|r 2016-10-24
|s 2016-10-17
|t 11
|w 2011-01-13
|y BK
|
| 952 |
|
|
|0 0
|1 0
|2 ddc
|4 1
|6 150_000000000000000_FEL_2002
|7 0
|9 13838
|a BRACUL
|b BRACUL
|c SPS
|d 2011-01-13
|l 0
|o 150 FEL
|p 3010008768
|r 2011-01-13
|t 12
|w 2011-01-13
|y BK
|